Liberté de presse : les 20 derniers pays - Statistiques

Statistiques générales
  • Ce quiz a été pris 117 fois
  • Le résultat moyen est 12 sur 21
Statistiques - réponses
Classement Réponse Score global % Correct
177 Corée du Nord 20,66
95%
162 Russie 29,86
94%
172 Chine 23,36
89%
176 Iran 21,3
87%
169 Irak 25,48
85%
178 Afghanistan 19,09
80%
179 Syrie 17,41
79%
166 Arabie Saoudite 27,14
75%
167 Biélorussie 26,8
65%
175 Turkmenistan 22,01
54%
168 Cuba 25,63
53%
174 Vietnam 22,31
48%
171 Birmanie 24,41
45%
170 Égypte 25,1
43%
180 Érythrée 16,64
42%
173 Bahreïn 23,21
36%
164 Azerbaïdjan 27,99
35%
165 Bangladesh 27,64
35%
161 Djibouti 30,14
27%
160 Émirats arabes unis 30,62
22%
163 Nicaragua 29,2
20%
Aucun quiz correspondant
Distribution des résultats
% des personnes avec chaque résultat
Percentile par nombre de réponses
Votre historique - résultats
Vous n’avez pas pris ce quiz